000 01135nam a2200229Ia 4500
003 Ost
005 20260507075054.0
008 260507s9999||||xx |||||||||||||| ||und||
020 _a9773140474
040 _cfsecg
041 _aara
082 _a737.49
100 _aالنبراوي، رافت محمد محمد
_eمؤلف
245 0 _aالنقود الاسلامية :
_bمنذ بداية القرن السادس وحتى نهاية القرن التاسع الهجري /
_c رافت محمد محمد النبراوي
260 _aالإسكندرية:
_bمكتبة زهراء الشرق,
_c2000
300 _a395 صفحة؛
_c24 سم
504 _aبيبليوغرافيا ص.381
520 _aتجد في هذا الكتاب : أهمية النقود الإسلامية ،نقود دول شرق العالم الإسلامي ،نقود دول غرب العالم الإسلامي ،نقود المرابطين ،الموحدين ،بني حفص ،نقود بني زيان ، بني مريم ،نقود دولة بين نصر
653 _aالعالم الاسلامي
653 _aالنقود
942 _cكتاب
999 _c42718
_d42718